Shortened CPA law review (Record no. 57433)

MARC details
000 -LEADER
fixed length control field 00660nam a2200193 a 4500
008 - FIXED-LENGTH DATA ELEMENTS--GENERAL INFORMATION
fixed length control field 120416s1971 ||||||||||||||||| || u
020 ## - INTERNATIONAL STANDARD BOOK NUMBER
International Standard Book Number 0534000991
050 ## - LIBRARY OF CONGRESS CALL NUMBER
Classification number KB 115 Tho
100 ## - MAIN ENTRY--PERSONAL NAME
Personal name Thompson, George C
245 10 - TITLE STATEMENT
Title Shortened CPA law review
250 ## - EDITION STATEMENT
Edition statement 3rd. ed.
260 ## - PUBLICATION, DISTRIBUTION, ETC.
Place of publication, distribution, etc. Belmont, California
Name of publisher, distributor, etc. Wadsworth Publishing Company
Date of publication, distribution, etc. 1971
300 ## - PHYSICAL DESCRIPTION
Extent 473 p.
350 ## - PRICE (NR) (BK AM CF MU VM SE) [OBSOLETE]
Price 0.00
650 ## - SUBJECT ADDED ENTRY--TOPICAL TERM
Topical term or geographic name entry element COMMERCIAL LAW--UNITED STATES--EXAMINATIONS, QUESTIONS, ETC
650 ## - SUBJECT ADDED ENTRY--TOPICAL TERM
Topical term or geographic name entry element LAW
700 ## - ADDED ENTRY--PERSONAL NAME
Personal name Brady, Gerald P
995 ## - RECOMMENDATION 995 [LOCAL, UNIMARC FRANCE]
-- 0.00
-- CBU-MAIN LIBRARY (Kitwe)
-- 1
-- 20.95
-- 1
-- DAMAGED
-- Main Library Open Access Collection
Holdings
Withdrawn status Lost status Source of classification or shelving scheme Damaged status Not for loan Home library Current library Shelving location Date acquired Total Checkouts Full call number Barcode Date last seen Price effective from Koha item type
          CBU-MAIN LIBRARY, KITWE. CBU-MAIN LIBRARY, KITWE.   11/30/2022   KB 115 Tho 021268 11/30/2022 11/30/2022 MONOGRAPH